|
|
|
|
| LEADER |
01269nam a22002417a 4500 |
| 001 |
29204 |
| 003 |
BD-DhAAL |
| 005 |
20190313150923.0 |
| 008 |
150507s2012 bg 000 1 ben d |
| 999 |
|
|
|c 34371
|d 34371
|
| 020 |
|
|
|a 9847034304558
|
| 040 |
|
|
|a BD-DhAAL
|c BD-DhAAL
|
| 082 |
|
|
|2 22
|a 891.44371
|
| 100 |
|
|
|a ঠাকুর, রবীন্দ্রনাথ
|9 2543
|
| 245 |
|
|
|a শ্রেষ্ঠ কবিতা /
|c রবীন্দ্রনাথ ঠাকুর; সুনীল গঙ্গোপাধ্যায় [নির্বাচন ও ভূমিকা] ।
|
| 260 |
|
|
|a ঢাকা :
|b মাটিগন্ধা,
|c 2012
|
| 300 |
|
|
|a ১৯২ পৃ. ;
|c ২১ সে.মি.
|
| 541 |
|
|
|e 29204
|
| 600 |
|
|
|a ঠাকুর, রবীন্দ্রনাথ
|x রচনাবলী
|y ১৮৬১-১৯৪১
|9 2545
|
| 650 |
|
|
|a Fiction
|9 5312
|
| 700 |
|
|
|a গঙ্গোপাধ্যায়, সুনীল [নির্বাচন ও ভূমিকা]
|9 8836
|
| 942 |
|
|
|2 ddc
|c BK
|
| 952 |
|
|
|0 0
|1 0
|2 ddc
|4 0
|6 891_443710000000000_TAG
|7 0
|9 53668
|a BRACUL
|b BRACUL
|c GEN
|d 2015-05-07
|e BRAC Institute of Language (BIL)
|l 4
|m 44
|o 891.44371 TAG
|p 3010029204
|r 2025-10-08
|s 2025-09-11
|t 1
|w 2015-05-07
|y BK
|x Transferred from BIL to BRACUL on 06/06/22
|